Quizzes
Events
Quiz Creation
Community
Videos
Private Events
Remove Ads
Sign In
Join for FREE
Feedback
Dark Mode
Quiz Categories
Sports
Geography
Music
Movies
Television
Just For Fun
Miscellaneous
History
Literature
Language
Science
Gaming
Entertainment
Religion
Holiday
For Kids
Quiz Lab
Recent
Popular Today
Quiz Kudos Today
Editor Picks
Curator Picks
Quizzes by...
Day
Popularity
Type
Ratings
Length
Year
Community
Subscriptions
Recent Discussions
Orange Saloon
Badges
Playlists
Quests
Create
Leaderboards
Showdown
Live 5
Trivia Bingo
Activity
Puzzle Library
Sporcle Events
Private Events
Virtual Trivia
Globe League
Become a Host
Pub Owners
SporcleCon
Opinionation
Our Games
Videos
Blog
Mobile Apps
Partnerships
Remove Ads and Go Orange
Feedback
Movies
Disney
Marvel Cinematic Universe
Movie Resume
Movie Titles
Oscar
Actor
Actress
Director
Pixar
Role
Movie Quotes
Movie Characters
Box Office
Nominee
Best Picture
Star Wars
James Bond
Horror Movies
Movies
Disney
Marvel Cinematic Universe
Movie Resume
Movie Titles
Oscar
Actor
Actress
Director
Pixar
Role
Movie Quotes
Movie Characters
Box Office
Nominee
Best Picture
Star Wars
James Bond
Horror Movies
Random Quiz
Search Sporcle
×
Quiz Lab
Quiz Lab
Movies
jackass
Type in answers that appear in a list
Type in answers that appear in a list
Classic
Best Score? Go Orange.
Combine the words - Jackass Movies Stunts Stats
Can you name the Jackass Movies Stunts by combining the right words?
By
grapefruitking
4m
40 Questions
932 Plays
932 Plays
932 Plays
Comments
Comments
Give Quiz Kudos
Give Quiz Kudos
-
- Ratings
hide this ad
Replay
Link that replays current quiz
Next Quiz
Link to next quiz in quiz playlist
You Got
0%
They Got
Avg Score
72%
Avg Friend Score
Upgrade to see
Score Distribution
Jump to the score distribution portion of the page
Score
0/40
Timer
04:00
0
Plays Today
% Correct
Anaconda Ball Pit
89.4%
Anaconda Ball Pit
89.4%
Pin the Tail on the Donkey
85.1%
Pin the Tail on the Donkey
85.1%
Beehive Tetherball
82.6%
Beehive Tetherball
82.6%
Rent-A-Car Crash-Up Derby
81.3%
Rent-A-Car Crash-Up Derby
81.3%
Medicine Ball Dodgeball
81%
Medicine Ball Dodgeball
81%
Ass Kicked by a Girl
80.5%
Ass Kicked by a Girl
80.5%
Poo Cocktail Supreme
79.8%
Poo Cocktail Supreme
79.8%
Lamborghini Tooth Pull
79.1%
Lamborghini Tooth Pull
79.1%
Yellow Snow Cone
77.9%
Yellow Snow Cone
77.9%
Alligator Tightrope
73.1%
Alligator Tightrope
73.1%
% Correct
Tropical Pole Vaulting
72.7%
Tropical Pole Vaulting
72.7%
Golf Course Airhorn
70.6%
Golf Course Airhorn
70.6%
Electric Avenue
70.1%
Electric Avenue
70.1%
The Bungee Wedgie
69.5%
The Bungee Wedgie
69.5%
Big Red Rocket
66.5%
Big Red Rocket
66.5%
The Toro Totter
62.2%
The Toro Totter
62.2%
Bicentennial BMXing
60.7%
Bicentennial BMXing
60.7%
Water Hose Rodeo
60.3%
Water Hose Rodeo
60.3%
Snake River Redemption
56.9%
Snake River Redemption
56.9%
Roller-skate Buffalo
49.1%
Roller-skate Buffalo
49.1%
Quiz Playlist
Details
Report
Send in Message
Add To Playlist
Classic:
Type in answers that appear in a list
Last Updated: Feb 16, 2017
Quiz Scoreboard
CHALLENGE
Sign Up to Join the Scoreboard
Show All
Scores
Hide
Comments
May contain spoilers
Recently Published
TV Characters by Other Roles V
by ghcgh
Television
5m
Decade Duel: World Leaders
by jenniferyan
History
4m
Alphabetical 'K' Countries by Flag Minefield
by ylime102
Geography
3m
More to Explore
Quiz From the Vault
Featured Blog Post
15 Basketball Trivia Facts You Can Be March Mad About
hide this ad
You Might Also Like...
Tags
combine
jackass
stunt
Today's Top Quizzes in Movies
Browse Movies
hide this ad
Top Contributed Quizzes in Movies
1
Pick 6: Harry Potter
2
Pick 6: Movie Franchises
3
Pick 6: Actors
4
Pick 6: Actresses
5
Pick 6: Disney Princesses
6
Decade Duel: Best Picture Winner
7
Movies of the Seasons
8
Decade Duel: Disney Animated Movies
9
Match The President To The Fictional Crisis
10
Movie Seasons
Explore More
Trending Topics
Disney
Harry Potter
Kpop
NBA
Crossword
Marvel
Anime
Country
Pokémon
NFL
The Office
Song
Puzzle
Soccer
WWE
hide this ad
More By:
grapefruitking
Quiz
Plays
Rating
Category
Featured
Created
Movies of 1995
225,748
4.39
Movies
Mar 28, 2012
Movies of 1998
169,822
4.41
Movies
Apr 10, 2012
Movies of 1997
167,065
4.34
Movies
Apr 4, 2012
Movies of 1999
165,819
4.48
Movies
Apr 16, 2012
Movies of 2000
154,056
4.34
Movies
Apr 21, 2012
Go to Creator's Profile
Score Distribution
Quiz Creator Spotlight
grapefruitking
Follow
Send a Message
Quizzes Created
-
Created Quiz Play Count
-
More By This Creator
Popular Quizzes Today
1
Countries of Asia Without Outlines Minefield
2
Find the US States - No Outlines Minefield
3
Pick 6: Fruits
4
The Countries of the World
5
Find the Countries of Europe - No Outlines Minefield
6
Alphabetical 'K' Countries by Flag Minefield
7
Find the US States
8
US States
More Movies Quizzes
Paul Feig by Plot Description
Quiz Lab
Trending Quizzes
Pick 6: Mountains
Pick 6: Harry Potter
Pick 6: NFL Teams
Pick 6: Flags
C Names for Actors
Recently Updated
Adaptations: Name the Title
pecheneg
NWSL Teams
pecheneg
Women's Final Four Teams by Year
bhenderson79
Presidents Quartet II
eogle
Anything But Clue(do)
eogle
Anything But Oceanian Capitals
eogle
Anything But 7
eogle
Anything But Thing
eogle
Word Ladder: February 29
pecheneg
Song Title Questions
pecheneg
Trending Topics
Harry Potter
Kpop
Crossword
NBA
Marvel
Anime
Disney
Pokémon
NFL
Country
WWE
The Office
Soccer
Song
Puzzle
Your Account Isn't Verified!
In order to create a playlist on Sporcle, you need to verify the email address you used during registration. Go to your
Sporcle Settings
to finish the process.
Report this User
Report this user for behavior that violates our
Community Guidelines
.
Details:
Send Report
Go to the Sporcle.com Mobile Site →
Comments